000 00374nam a2200133Ia 4500
003 GCL
008 140319s9999 xx 000 0 ara d
040 _aGCL /
_cGCL
082 0 4 _a808.84
_bم ل
100 1 _aمصطفى امين
245 1 0 _aلكل مقال ازمة /
_cمصطفى امين
300 _a199 ص
490 _aالهيئة العامة للاستعلامات
_v0
999 _c48255
_d48255